Catalog

Record Details

Catalog Search



Heart of a samurai : a novel inspired by a true ... Read More

Preus, Margi.(Author).

Available copies

  • 1 of 2 copies available at LARL/NWRL Consortium.
  • 1 of 2 copies available at Lake Agassiz Regional Library. (Show preferred library)

Current holds

1 current hold with 2 total copies.

Show Only Available Copies
Location Call Number / Copy Notes Barcode Shelving Location Status Due Date
Bagley Public Library Y PRE (Text) 33500011922945 Main Available -
Fosston Public Library Y PRE (Text) 33500011922929 Main Checked out 07/01/2026

Record details

  • ISBN: 9781419702006
  • ISBN: 9780810989818 (alk. paper) :
  • ISBN: 0810989816 (alk. paper) :
  • Physical Description: 301 p. : ill. ; 22 cm.
  • Publisher: New York : Amulet Books, 2010.

Content descriptions

Bibliography, etc. Note:
Includes bibliographical references.
Summary, etc.:
In 1841, rescued by an American whaler after a ... Read More
Subject: Nakahama, Manjirō, 1827-1898 > Juvenile fiction.
Japanese > United States > Juvenile fiction.
Japan > Relations > United States > Juvenile fiction.
United States > Relations > Japan > Juvenile fiction.
LDR 02104cam a22004098a 4500
001121310
003LARL_NWRL_CONSORTIUM
00520100806085014.0
008100115s2010 nyua j 6b 000 1 eng
010 . ‡a2009051634
020 . ‡a9781419702006
020 . ‡a9780810989818 (alk. paper) : ‡c$15.95
020 . ‡a0810989816 (alk. paper) : ‡c$15.95
035 . ‡a(OCoLC)503005651
040 . ‡aDLC ‡beng ‡cDLC ‡dIH7 ‡dDAD ‡dOCLCQ
042 . ‡alcac
043 . ‡an-us--- ‡aa-ja---
08200. ‡a[Fic] ‡222
1001 . ‡aPreus, Margi. ‡0(LARL_NWRL_CONSORTIUM)125235
24510. ‡aHeart of a samurai : ‡ba novel inspired by a true adventure on the high seas / ‡cby Margi Preus.
260 . ‡aNew York : ‡bAmulet Books, ‡c2010.
300 . ‡a301 p. : ‡bill. ; ‡c22 cm.
504 . ‡aIncludes bibliographical references.
520 . ‡aIn 1841, rescued by an American whaler after a terrible shipwreck leaves him and his four companions castaways on a remote island, fourteen-year-old Manjiro, who dreams of becoming a samurai, learns new laws and customs as he becomes the first Japanese person to set foot in the United States.
60010. ‡aNakahama, Manjirō, ‡d1827-1898 ‡vJuvenile fiction.
650 0. ‡aJapanese ‡zUnited States ‡vJuvenile fiction.
651 0. ‡aJapan ‡xRelations ‡zUnited States ‡vJuvenile fiction.
651 0. ‡aUnited States ‡xRelations ‡zJapan ‡vJuvenile fiction.
901 . ‡a121310 ‡bOCLC ‡c121310 ‡tbiblio

Additional Resources